| 000 | 01089nam a22002297a 4500 | ||
|---|---|---|---|
| 005 | 20250905130533.0 | ||
| 008 | 240821b ||||| |||| 00| 0 eng d | ||
| 082 | _aDPer 361.05 J826 January-April 2020 v. 67 n. 1-3 | ||
| 100 |
_aBaker, Majel R. _eauthor. _958650 |
||
| 245 |
_aChildhood maltreatment predicts daily stressor exposure in college students but not perceived stress or stress reactivity / _cMajel R. Baker, Viann Nguyen-Feng, Haema Nilakanta, and Patricia A. Frazier. |
||
| 260 |
_aWashington ; _bAmerican Psychological Association , _cJanuary 2020. |
||
| 300 |
_aVolume 67, pages 79-89 : _billustration ; _c28 cm. |
||
| 500 | _aJournal of Counseling Psychology, vol. 67, no.1, pages 79-89, January 2020. | ||
| 650 | 0 |
_aChild abuse psychology therapy trends. _965332 |
|
| 650 | 0 |
_aStudents psychology. _965333 |
|
| 650 | 0 |
_aLongitudinal studies. _964916 |
|
| 700 |
_aBaker, Majel R. _eauthor. _958650 |
||
| 700 |
_aNguyen-Feng, Viann. _eauthor. _958651 |
||
| 700 |
_aNilakanta, Haema. _eauthor. _958652 |
||
| 700 |
_aFrazier, Patricia A. _eauthor. _958653 |
||
| 942 |
_2ddc _cPER |
||
| 999 |
_c20769 _d20769 |
||